Detalles MARC
| 000 -LEADER |
| fixed length control field |
01396nam a2200277 a 4500 |
| 001 - CONTROL NUMBER |
| control field |
|
| 003 - CONTROL NUMBER IDENTIFIER |
| control field |
DO-SdBNP |
| 005 - DATE AND TIME OF LATEST TRANSACTION |
| control field |
20210607123935.0 |
| 008 - FIXED-LENGTH DATA ELEMENTS--GENERAL INFORMATION |
| fixed length control field |
081127s1999 dr 001 0 spa d |
| 020 ## - INTERNATIONAL STANDARD BOOK NUMBER |
| International Standard Book Number |
8460582213 |
| 040 ## - CATALOGING SOURCE |
| Original cataloging agency |
BPMSU |
| Language of cataloging |
spa |
| Transcribing agency |
BPMSU |
| 082 ## - DEWEY DECIMAL CLASSIFICATION NUMBER |
| Classification number |
160 |
| Item number |
S225c 1999 |
| Edition number |
22 |
| 100 1# - MAIN ENTRY--PERSONAL NAME |
| Personal name |
Sang, Mu-Kien A. |
| Dates associated with a name |
1955- |
| 245 10 - TITLE STATEMENT |
| Title |
Ciencia y conciencia : |
| Remainder of title |
introducción a la "lógica y vida" para el trabajo intelectual / |
| Statement of responsibility, etc. |
Miguel Sang Ben. |
| 260 ## - PUBLICATION, DISTRIBUTION, ETC. (IMPRINT) |
| Place of publication, distribution, etc. |
Santo Domingo : |
| Name of publisher, distributor, etc. |
Banco Central de la República Dominicana, |
| Date of publication, distribution, etc. |
1999. |
| 300 ## - PHYSICAL DESCRIPTION |
| Extent |
185 p. ; |
| Dimensions |
27 cm. |
| 500 ## - GENERAL NOTE |
| General note |
Incluye referencias bibliográficas y notas al pie de las páginas |
| 504 ## - BIBLIOGRAPHY, ETC. NOTE |
| Bibliography, etc |
Bibliografía : p. 183-185 |
| 505 0# - FORMATTED CONTENTS NOTE |
| Formatted contents note |
Prólogo por Lic. Pedro Eduardo, M.Ed. -- |
| Title |
Presentación -- |
| -- |
Introducción -- |
| -- |
¿Para qué estudiar lógica y vida? -- |
| -- |
La conciencia humana -- |
| -- |
El lenguaje humano -- |
| -- |
Lógica y conocimiento -- |
| -- |
Lógica y ejercicio profesional -- |
| -- |
La vida, una y única -- |
| -- |
El sentido de la vida -- |
| -- |
Sumario de preguntas para autoevaluación -- |
| -- |
La preparación de los trabajos de investigación o monografías -- |
| -- |
La preparación de una tesis de grado -- |
| -- |
La presentación oral de los trabajos de investigación y tesis de grado-- |
| -- |
Bibliografía. |
| 590 ## - LOCAL NOTE (RLIN) |
| Local note |
Inventariado, 2021/VM |
| 650 #4 - SUBJECT ADDED ENTRY--TOPICAL TERM |
| Topical term or geographic name as entry element |
Lógica |
| 650 #4 - SUBJECT ADDED ENTRY--TOPICAL TERM |
| Topical term or geographic name as entry element |
Metodología científica |
| 650 #4 - SUBJECT ADDED ENTRY--TOPICAL TERM |
| Topical term or geographic name as entry element |
Vida intelectual |
| 910 ## - USER-OPTION DATA (OCLC) |
| User-option data |
VMateo |
| 942 ## - ADDED ENTRY ELEMENTS (KOHA) |
| Source of classification or shelving scheme |
Dewey Decimal Classification |
| Koha item type |
Libros |